Statistics for Largest Country by Tectonic Plate

Click here to take the quiz!

General Stats

  • This quiz has been taken 94 times
  • The average score is 10 of 14

Answer Stats

PlateCountry% Correct
North AmericanCanada
99%
EurasianRussia
99%
South AmericanBrazil
96%
AustralianAustralia
95%
IndianIndia
93%
ArabianSaudi Arabia
88%
AfricanAlgeria
86%
PhilippinePhilippines
75%
CocosMexico
72%
BurmaIndonesia
66%
SomaliTanzania
55%
PacificNew Zealand
49%
ScotiaChile
34%
CaribbeanNicaragua
33%

Score Distribution

Percentile by Number Answered

Percent of People with Each Score

Your Score History

You have not taken this quiz